Diccionario de la ciencia bíblica

Salvato in:
Dettagli Bibliografici
Autore principale: Flor Serrano, Gonzalo (Autore)
Natura: Libro
Lingua:spagnolo
Pubblicazione: Pamplona Verbo Divino 2000
Serie:Serie Instrumentos para el Estudio de la Biblia
Soggetti:
Tags: Aggiungi Tag
Nessun Tag, puoi essere il primo ad aggiungerne!!

MARC

LEADER 00000nam a2200000 a 4500
001 UCO0526
003 CL-VaPUC
008 000420e20000000SP |||||||||||||||||spa|d
082 0 4 |a 220.3  |b FLO  |2 21 
100 0 |a Flor Serrano, Gonzalo  |e author  |9 441873 
245 1 0 |a Diccionario de la ciencia bíblica 
300 |a 197 p 
942 |c BK 
945 |d 20000420 00:00:00  |a rbrito 
260 |a Pamplona  |b Verbo Divino  |c 2000 
650 0 |a Biblia  |9 257603 
650 0 |a Sagradas escrituras  |9 349657 
650 0 |a Diccionarios  |9 256200 
583 |a last modification  |c 20130317 12:10:13  |k Rodrigo Vera 
490 0 |a Serie Instrumentos para el Estudio de la Biblia 
999 |c 287221  |d 287219 
952 |0 0  |1 0  |4 0  |6 220_300000000000000_FLO_2000  |7 0  |8 F  |9 333700  |a BIBTEO  |b BIBTEO  |d 2019-11-20  |i 3608751  |o 220.3 FLO 2000  |p 3608751  |r 2025-01-17  |w 2019-11-20  |y BK_F  |k ICR